WOOD energy development : Report of the FAO/ESCAP Regional Workshop, Bangkok, 13-16 December 1983

Bibliographic Details
Format: Book
Published: Bangkok : FAO Regional Office for Asia and the Pacific , 1984
Series:Regional Energy Development Programme: RAS/80/001
Subjects:

MARC

LEADER 00000cam a2200000 7i4500
001 0000001433
005 20010627.0
090 0 0 |a 333.7   |b WOO 1984 
245 0 0 |a WOOD energy development :   |b Report of the FAO/ESCAP Regional Workshop, Bangkok, 13-16 December 1983 
260 0 0 |a Bangkok :   |b FAO Regional Office for Asia and the Pacific ,   |c 1984 
300 |a 116 p. :   |b ill. ;   |c 28 cm. 
440 0 0 |a Regional Energy Development Programme: RAS/80/001 
500 0 0 |a Includes bibliographical references 
650 0 0 |a Wood as fuel   |x Congresses 
998 |a JPSM 
999 |a 0000002436   |b Monograph   |c Open Shelf   |e Default branch